9 to 5 - All Lyrics - Statistics

General Stats
  • This quiz has been taken 169 times
  • The average score is 238 of 356
Answer Stats
Answer % Correct
to
100%
a
99%
I
97%
the
96%
5
95%
9
95%
of
92%
and
91%
And
91%
Workin'
90%
Out
88%
out
88%
way
85%
What
84%
what
84%
cup
83%
get
83%
make
83%
bed
82%
in
82%
In
82%
livin'
82%
kitchen
81%
myself
81%
you
80%
You
80%
ambition
79%
it
78%
on
78%
Pour
78%
stumble
78%
me
72%
no
72%
your
72%
come
70%
it's
70%
It's
70%
try
69%
by
67%
let
67%
life
67%
blood
66%
pumpin'
65%
starts
65%
Working
65%
yawn
65%
takin'
63%
givin'
62%
job
62%
Jump
62%
just
62%
shower
62%
stretch
62%
all
61%
crazy
61%
gettin'
61%
if
61%
street
61%
traffic
61%
drive
60%
from
60%
never
60%
They
60%
they
60%
enough
59%
folks
59%
outta
59%
Tumble
59%
like
58%
man
57%
that
57%
credit
56%
boss
55%
for
55%
give
54%
mind
54%
use
53%
is
50%
jumpin'
50%
got
48%
Barely
47%
devotion
46%
promotion
46%
With
46%
with
46%
but
45%
But
45%
man's
45%
service
45%
think
42%
won't
42%
swear
41%
would
40%
deserve
39%
Want
39%
want
39%
seem
38%
where
38%
You're
38%
day
37%
dream
37%
rich
37%
take
37%
ahead
36%
sometimes
36%
better
35%
ladder
35%
away
34%
game
34%
shatter
34%
step
34%
gonna
33%
move
32%
friends
31%
roll
31%
watch
31%
boat
30%
lot
30%
matter
30%
dreams
29%
same
29%
Waitin'
28%
don't
27%
money
27%
'em
26%
tide's
26%
turn
26%
yeah
26%
There's
24%
call
23%
he'll
23%
about
22%
spend
21%
his
19%
ship'll
19%
wallet
18%
puttin'
17%
fair
16%
putting
12%
No matching quizzes found
Score Distribution
Percent of People with Each Score
Percentile by Number Answered
Your Score History
You have not taken this quiz